000 00975nam a22002417a 4500
001 6565
003 FISKH
005 20250512100436.0
008 250512b cb ||||| |||| 00| 0 eng d
020 _a9780545697002
040 _aFISKH
_beng
_cFISKH
_dFISKH
050 _aQE861 .H63
082 _a567.9
100 _aHoena, Blake
245 _aEverything Dinosaurs :
_bChomp on tons of earthshaking facts and fun ! /
_cBy Blake Hoena with National Geographic Explorer Paul Sereno ; Illustrations by Franco Tempesta
260 _aNew York :
_bScholastic,
_c2014
300 _a64 pages :
_bcolor illustrations ;
_c25 cm
520 _aExplores the world of dinosaurs, examining fossil remains and explaining how scientists use them to determine what dinosaurs ate, how they raised their young, and how they may have become extinct.
650 _aNational Geographic
_vEducation
700 _aTempesta, Franco
_eillustrator
942 _2ddc
_cBK
_n0
999 _c6565
_d6565